Statistics for Best-Selling Rock Artists of All Time

Click here to take the quiz!

General Stats

  • This quiz has been taken 207 times
  • The average score is 20 of 40

Answer Stats

Claimed Record SalesSongArtist% Correct
500-600 million"Tomorrow Never Knows"The Beatles
87%
200 million"Tumbling Dice"The Rolling Stones
82%
250-300 million"Crocodile Rock"Elton John
80%
150-200 million"It's a Long Way to the Top"AC/DC
77%
500-600 million"(Let Me Be Your) Teddy Bear"Elvis Presley
76%
200-250 million"Shine On You Crazy Diamond"Pink Floyd
74%
125 million"Nothing Else Matters"Metallica
71%
200-300 million"Trampled Underfoot"Led Zeppelin
70%
100 million"Bad Medicine"Bon Jovi
68%
200 million"Tequila Sunrise"Eagles
64%
170-200 million"Play the Game"Queen
60%
100 million"Wonderful Tonight"Eric Clapton
56%
100 million"Don't Cry"Guns N' Roses
56%
100 million"Love, Reign o'er Me"The Who
55%
100 million"Walk of Life"Dire Straits
54%
100 million"I Get Around"The Beach Boys
54%
150 million"Bullet the Blue Sky"U2
54%
150 million"Only the Good Die Young"Billy Joel
53%
100 million"Suffragette City"David Bowie
52%
150 million"Mama Kin"Aerosmith
50%
100 million"Rock of Ages"Def Leppard
50%
100 million"Maybe I'm Amazed"Paul McCartney
50%
100 million"What's Love Got to Do with It"Tina Turner
50%
135 million"Thunder Road"Bruce Springsteen
48%
100 million"Subterranean Homesick Blues"Bob Dylan
47%
120 million"Gold Dust Woman"Fleetwood Mac
46%
100 million"25 or 6 to 4"Chicago
43%
100 million"Follow You Follow Me"Genesis
42%
100 million"Numb"Linkin Park
42%
100 million"Higher Ground"Stevie Wonder
41%
100 million"Fire and Rain"James Taylor
36%
150 million"I Don't Care Anymore"Phil Collins
36%
120 million"Every Picture Tells a Story"Rod Stewart
36%
100 million"Homeward Bound"Simon & Garfunkel
33%
100 million"Speed of Sound"Coldplay
27%
100 million"Blue Bayou" (cover)Linda Ronstadt
22%
120 million"This Love"Maroon 5
20%
100 million"Cherry, Cherry"Neil Diamond
17%
100 million"No One to Depend On"Santana
17%
100 million"Taiyō no Komachi Angel"B'z
8%

Score Distribution

Percentile by Number Answered

Percent of People with Each Score

Your Score History

You have not taken this quiz